00321 a2200133 4500001000700000020002200007040001100029100002200040240005300062245004800115300000700163362000900170440000800179191411 a978-85-7153-231-1 cMagnum aBerutti, Flávio10a1888: O negro torna-se igual na lei, mas...lpor10a1888: O negro torna-se igual na lei, mas... a480 a2009 1aRHJ